| 000 | 01083nam a2200265Ia 4500 | ||
|---|---|---|---|
| 003 | OSt | ||
| 005 | 20220918110818.0 | ||
| 006 | a|||||r|||| 00| 0 | ||
| 007 | ta | ||
| 008 | 220915b |||||||| |||| 00| 0 hin d | ||
| 020 |
_a9788179752517 (hbk (Set)) _c5600 |
||
| 024 | _a259446 | ||
| 037 |
_b374, 11/02/2011, Swaraj Prakashan _cReference Collections |
||
| 040 |
_aARTS _cARTS _bhin |
||
| 041 |
_2hin _ahin |
||
| 082 | _aO152,6N06x, P8.1-.8(RR) | ||
| 100 |
_aविजयबहादुर सिंह, संपा. _99647 |
||
| 245 | 0 | _aनंददुलारे वाजपेयी रचनावली | |
| 246 | _aNandadulāre vājapeyī rachanāvalī | ||
| 260 |
_aनई दिल्ली _bअनामिका पब्लिशर्स भारत _c2008 |
||
| 490 | _vखंड 1 | ||
| 650 | _aहिन्दी साहित्य | ||
| 942 |
_hO152,6N06x, P8.1-.8(RR) _cREF |
||
| 999 |
_c114940 _d114940 |
||